000 00567nam a2200205Ia 4500
005 20250508164752.0
008 008 250505s9999 xx 000 0 eng d
037 _aTextual
040 _aFEDL
_beng
_cFEDL
041 _aeng
_2eng
084 _a371.9, SWA
_qFEDL
100 _aSwain John Ed.
_989306
245 0 _aDisability on equal terms
260 _aLos Angeles, USA
_bSage Publications
_c2008
300 _avi,208p.
365 _aGBP
_b21.99
700 _a French Sally Ed.
_9779121
942 _cTEXL
_h371.9, SWA
999 _c1391024
_d1391024